Empire of the Sun Charting Songs (Billboard Hot Dance) - Statistics

General Stats
  • This quiz has been taken 21 times
    6 since last reset
  • The average score is 3 of 6
Answer Stats
Album Weeks On Peak Artist(s) Song % Correct
Ask That God 1 Week #39 Empire of the Sun Changes
100%
Ice on the Dune 12 Weeks #26 Empire of the Sun DNA
60%
Two Vines 22 Weeks #16 Empire of the Sun High and Low
60%
Ask That God 1 Week #48 Empire of the Sun Music on the Radio
60%
Non-Album Single 1 Week #49 Empire of the Sun On Our Way Home
40%
Ice on the Dune 6 Weeks #25 Empire of the Sun Celebrate
20%
No matching quizzes found
Score Distribution
Percent of People with Each Score
Percentile by Number Answered
Your Score History
You have not taken this quiz since the last reset